书目信息 |
| 题名: |
中国人民政治协商会议第五届全国委员会第二次会议文件
|
|
| 作者: | ||
| 分册: | ||
| 出版信息: | 北京 人民出版社 1979 |
|
| 页数: | 36页 | |
| 开本: | 20cm | |
| 丛书名: | ||
| 单 册: | ||
| 中图分类: | D622 | |
| 科图分类: | ||
| 主题词: | ||
| 电子资源: | ||
| ISBN: | ||
| 000 | 00665nam0 2200217 45 | |
| 001 | 0179002843 | |
| 005 | 20060802082526.68 | |
| 010 | @dCNY0.17 | |
| 091 | @aCN@b3001.1718 | |
| 100 | @a19950713d1979 emky0chiy0121 ea | |
| 101 | 0 | @achi |
| 102 | @aCN@b110000 | |
| 105 | @ay z 100yy | |
| 200 | 10 | @a中国人民政治协商会议第五届全国委员会第二次会议文件@Azhong guo ren min zheng zhi xie shang hui yi di wu jie quan guo wei yuan hui di er ci hui yi wen jian |
| 210 | @a北京@c人民出版社@d1979 | |
| 215 | @a36页@d20cm | |
| 601 | 12 | @a中国人民政治协商会议,第五届@x文件 |
| 610 | 0 | @a政协 |
| 690 | @aD622@v3 | |
| 801 | 0 | @aCN@bTSSF@c20060802 |
| 905 | @a10447@dD622@e3:5(3) | |
| 中国人民政治协商会议第五届全国委员会第二次会议文件.-北京:人民出版社,1979 |
| 36页;20cm |
| ISBN :CNY0.17 |
| ● |
| 相关链接 |
|
|
|
|
正题名:中国人民政治协商会议第五届全国委员会第二次会议文件
索取号:D622/3:5(3)
 
预约/预借
| 序号 | 登录号 | 条形码 | 馆藏地/架位号 | 状态 | 备注 |
| 1 | 0440909 | 204409096 | 密集书库/ [索取号:D622/3:5(3)] | 在馆 | |
| 2 | 0441593 | 204415935 | 密集书库/ [索取号:D622/3:5(3)] | 在馆 | |
| 3 | 0441594 | 204415944 | 密集书库/ [索取号:D622/3:5(3)] | 在馆 | |
| 4 | 0471818 | 204718181 | 密集书库/ [索取号:D622/3:5(3)] | 在馆 |